Менеджмент первичного уровня: Монография

Մատենագիտական մանրամասներ
Հիմնական հեղինակ: Прокушев Е. Ф. Евгений Федорович
Լեզու:ռուսերեն
Հրապարակվել է: Москва, Дашков и К, 1999
Խորագրեր:
Ձևաչափ: Գիրք
KOHA link:https://koha.lib.tpu.ru/cgi-bin/koha/opac-detail.pl?biblionumber=10591

MARC

LEADER 00000nam0a2200000 4500
001 10591
005 20231030183108.0
010 |a 5831600041 
035 |a (RuTPU)RU\TPU\book\10653 
035 |a BOOK00010719 
090 |a 10591 
100 |a 20011209d1999 k y0rusy50 ca 
101 0 |a rus 
102 |a RU 
105 |a y z 000zy 
200 1 |a Менеджмент первичного уровня  |e Монография  |f Е. Ф. Прокушев 
210 |a Москва  |c Дашков и К  |d 1999 
215 |a 320 с. 
610 1 |a экономика 
610 1 |a управление 
610 1 |a менеджмент 
610 1 |a монографии 
686 |a У9(2)212  |v LBC/SL-A  |2 rubbk 
700 1 |a Прокушев  |b Е. Ф.  |g Евгений Федорович 
801 0 |a RU  |b 63413507  |c 20011209  |g PSBO 
801 2 |a RU  |b 63413507  |c 20121005  |g PSBO 
942 |c BK